000 00750cam a2200277 a 4500
008
020 _a0443026661 (pbk.)
049 _aMAIN
090 1 0 _aRC71.3
_bSEW
100 1 _aSeward, Charles.
245 1 0 _aBedside diagnosis /
_cby Charles Seward
250 _a12th ed.
260 _aEdinburgh ;
_aNew York :
_bChurchill Livingstone,
_c1985.
300 _a425 p. :
_bill. ;
_c22 cm.
500 _aIncludes index.
650 0 _aDiagnosis.
650 0 _aSymptoms.
650 0 _aPhysical diagnosis.
650 2 _aDiagnosis.
700 1 _aMattingly, David.
907 _a.b10391034
_b14-05-18
_c08-05-18
003
005 20230123141111.0
040 _cNUST
942 _cBOOKS
_kRC71.3
_mSEW
999 _c167683
_d167683